| 000 | 01006nas a2200301 4500 | ||
|---|---|---|---|
| 001 | BR8400627 | ||
| 003 | BR-BrBNA | ||
| 005 | 20231205085756.0 | ||
| 007 | ta | ||
| 008 | 230509b bl.|||p| |||| 00| 00por d | ||
| 040 |
_aBR-BrBNA _bpor _cBiblioteca Nacional de Agricultura |
||
| 041 | _a(Pt) | ||
| 072 | _aF27; F22 | ||
| 100 | 1 | _aGamero, C.A. | |
| 100 | 1 | _aLibardi, P.L. | |
| 100 | 1 | _aBenez, S.H. | |
| 100 | 1 | _aSousa, A.P. | |
| 245 | 1 | _aEfeito da mobilizacao do solo com enxada rotativa, sobre a estabilidade mecanica de seus agregados [latossolo roxo distrofico] | |
| 246 | 1 | _aEffects of rotary tillage on the mechanic stability of soil aggregates [purple dystrophic latosol] | |
| 650 | _aCULTIVO DO SOLO | ||
| 650 | _aENXADA ROTATIVA | ||
| 650 | _aANALISE DO SOLO | ||
| 650 | _aCOMPACTACAO DO SOLO | ||
| 650 | _aSOLO | ||
| 773 | 0 |
_tEngenharia Agricola (Brazil) _xISSN 0100-9619 _g(1983), v. 7(1) p. 27-36 _wBR8400627 |
|
| 909 |
_a202311 _bLúcia _c55 _dLúcia Elande |
||
| 942 |
_2AGRIS _n0 _cANA |
||
| 999 |
_c113722 _d113722 |
||